000 00450nam a22001217a 4500
999 _c9958
_d9958
003 OSt
008 201217b ||||| |||| 00| 0 eng d
245 _aThe Indian Journal of Technical Education
250 _a2012(Oct-Dec Vol.35 No.4) 2013(Apr-Jun Vol.36 No.2, Oct-Dec Vol.36 No.4) 2014(Jul-Sep Vol.37 No.3)
260 _aNew Delhi
_bISTE - Indian Society for Technical Education
650 _aElectronics and Communication Engineering
942 _2ddc
_cBV